000 00662nam a2200157 a 4500
008 160826s2015 ||||||||||||||||| || u
050 _aCBU-PG THESIS/BUN
100 _aBunda, Delina
245 1 4 _aThe development and attractiveness of tourism products in Kabwe District
_cby Deline Bunda
260 _aKitwe:
_bCopperbelt University
_c2015
300 _axiii, 72p.: ill.
650 _aTOURISM--ECONOMIC DEVELOPMENT--ZAMBIA
650 _aHERITAGE TOURISM--ZAMBIA--MARKETING
650 _aTOURISM
995 _FCBU-MAIN LIBRARY (Kitwe)
_M1
_UAVAILABLE
_WAug 26, 2016
_XCopperbelt University
_ZUniversity Collection
999 _c39938
_d39938